Quizzes
Events
Quiz Creation
Community
Videos
Private Events
Remove Ads
Sign In
Join for FREE
Feedback
Dark Mode
Quiz Categories
Sports
Geography
Music
Movies
Television
Just For Fun
Miscellaneous
History
Literature
Language
Science
Gaming
Entertainment
Religion
Holiday
For Kids
Quiz Lab
Recent
Popular Today
Quiz Kudos Today
Editor Picks
Curator Picks
Quizzes by...
Day
Popularity
Type
Ratings
Length
Year
Community
Subscriptions
Recent Discussions
Orange Saloon
Badges
Playlists
Quests
Create
Leaderboards
Showdown
Live 5
Trivia Bingo
Activity
Puzzle Library
Sporcle Events
Private Events
Virtual Trivia
Globe League
Become a Host
Pub Owners
SporcleCon
Opinionation
Our Games
Videos
Blog
Mobile Apps
Partnerships
Remove Ads and Go Orange
Feedback
Literature
Harry Potter
A Song of Ice and Fire
The Hunger Games
Literary Character
Shakespeare
Book
Author
Novel
Poem
Young Adult
Children's Books
Play
Lord of the Rings
Literature
Harry Potter
A Song of Ice and Fire
The Hunger Games
Literary Character
Shakespeare
Book
Author
Novel
Poem
Young Adult
Children's Books
Play
Lord of the Rings
Random Quiz
Search Sporcle
×
Curator Pick
Curator Pick
Literature
Play
Select answers by clicking on text or image buttons
Select answers by clicking on text or image buttons
Clickable
Best Score? Go Orange.
Match Greek Plays to Their English Names Stats
Can you match the titles of Greek plays to their English names?
By
Vasiliy
10m
30 Questions
246 Plays
246 Plays
246 Plays
Comments
Comments
Give Quiz Kudos
Give Quiz Kudos
-
- Ratings
hide this ad
Forced Order
Answers have to be entered in order
Answers have to be entered in order
Random Order
Randomize order of answers
Randomize order of answers
Replay
Link that replays current quiz
Next Quiz
Link to next quiz in quiz playlist
You Got
0%
They Got
Avg Score
71%
Avg Friend Score
Upgrade to see
Score Distribution
Jump to the score distribution portion of the page
Score
0/30
Timer
10:00
0
Plays Today
% Correct
Αἴας
84.1%
Ὀρέστης
83.3%
Βάκχαι
83.3%
Εὐμενίδες
82.9%
Ἴων
82.5%
Μήδεια
82.1%
Οἰδίπους ἐπὶ Κολωνῷ
81.7%
Ἀντιγόνη
80.9%
Ἰφιγένεια ἐν Αὐλίδι
80.9%
Προμηθεὺς δεσμώτης
80.1%
Ἑλένη
80.1%
Ἄλκηστις
78.9%
Ἀνδρομάχη
78.9%
Ἀγαμέμνων
77.6%
Ἰφιγένεια ἐν Ταύροις
77.6%
% Correct
Ῥῆσος
75.2%
Φιλοκτήτης
72.8%
ἑπτα ἐπὶ Θηβαις
72.4%
Οἰδίπους Τύραννος
70.3%
Ἡρακλῆς
69.9%
Ἡρακλεῖδαι
67.9%
Ἠλέκτρα
63.8%
Ἱππόλυτος
63.4%
Πέρσαι
60.6%
Ἑκάβη
60.6%
Τραχίνιαι
57.3%
Φοίνισσαι
56.9%
Τρῳάδες
54.9%
Χοηφόροι
44.3%
ἱκέτιδες
42.3%
Quiz Playlist
Details
Report
Send in Message
Add To Playlist
Clickable:
Select answers by clicking on text or image buttons
Forced Order:
Answers have to be entered in order
Random Order:
Randomize order of answers
Quiz Source
Last Updated: Feb 16, 2017
Curator Pick in
Play
Quiz Scoreboard
CHALLENGE
Sign Up to Join the Scoreboard
Show All
Scores
Hide
Comments
May contain spoilers
Recently Published
College Basketball Coaching Resumes
by pancakes188
Sports
9m
Billboard Blitz: Fleetwood Mac
by CooCooCachoo
Music
15s
Presidents Visiting Landmarks
by Hejman
History
7m
More to Explore
Quiz From the Vault
Featured Blog Post
Where Did the Easter Bunny Come From?
hide this ad
You Might Also Like...
Tags
Play Quiz
Ancient Greece
Greek
Greek Mythology
Tragedy
Today's Top Quizzes in Literature
Browse Literature
hide this ad
Today's Top Quizzes in Play
Browse Play
Top Contributed Quizzes in Literature
1
Sneaky Slytherin Logic Puzzle
2
Get The Picture: Black or White Literature
3
5-to-1: Plays
4
A Court of Thorns and Roses (ACoTaR) Logic Puzzle
5
One Thing in Common: Literature
6
One Thing in Common: Literature 3
7
One Thing in Common: Literature II
8
One Thing in Common: Books
9
Literary Siblings Odd One Out III
10
Harry Potter Neighbourly Logic Puzzle #5
Explore More
Trending Topics
Anime
NBA
Marvel
Kpop
Harry Potter
Disney
Crossword
WWE
NFL
Puzzle
Soccer
The Office
Song
Country
Pokémon
hide this ad
More By:
Vasiliy
Quiz
Plays
Rating
Category
Featured
Created
Ancient Rome by Numbers
523
2.75
History
Jun 12, 2012
Classic Britpop Albums
464
3.13
Music
Aug 2, 2010
Missing Word: Korean Movies
344
4.00
Movies
Mar 3, 2011
Classics of Japanese Literature
339
2.29
Literature
Jul 19, 2010
Japanese Literature Shooting Gallery
261
5.00
Literature
Aug 19, 2014
Go to Creator's Profile
Score Distribution
Quiz Creator Spotlight
Vasiliy
Follow
Send a Message
Quizzes Created
-
Created Quiz Play Count
-
More By This Creator
Popular Quizzes Today
1
Find the US States - No Outlines Minefield
2
Find the Countries of Europe - No Outlines Minefield
3
The Countries of the World
4
Find the US States
5
Risky Map Clicking: Biggest States A-Z
6
US States
7
Popular People in 1961
8
Movies - When Are They Set?
More Literature Quizzes
Harry Potter Characters by First Line
Published
Trending Quizzes
Risky Map Clicking: Least Populous States A-Z
1-10 Letter G Words
1-10 Letter F Words
Risky Map Clicking: Next State Alphabetically
Risky Map Clicking: Biggest States A-Z
Recently Updated
Leaping Animals
pecheneg
Reality TV Shows (A-Z)
bhenderson79
Rickey Henderson's Hall of Fame Teammates
pecheneg
Champions League XIs: Arsenal
pecheneg
Quick Pick: Celebrities in WWE's Hall of Fame
aduchscher
A-Z Keypad Blitz II
pecheneg
Multiple Oscar Actors
pecheneg
Mystery Phrase Blitz: Oscar 'Best Actors'
pecheneg
F. Scott Fitzgerald Novels
LTH
Pick 3 Villains
ddd62291
Trending Topics
NBA
Harry Potter
Crossword
Kpop
Disney
Anime
Marvel
Country
Puzzle
Song
NFL
Pokémon
Soccer
WWE
The Office
Your Account Isn't Verified!
In order to create a playlist on Sporcle, you need to verify the email address you used during registration. Go to your
Sporcle Settings
to finish the process.
Report this User
Report this user for behavior that violates our
Community Guidelines
.
Details:
Send Report
Go to the Sporcle.com Mobile Site →
Comments